[Event "3rd Kolkata GM Open 2018"]
[Site "Kolkata IND"]
[Date "2018.05.16"]
[Round "3.6"]
[White "Koustav, Chatterjee"]
[Black "Burmakin, Vladimir"]
[Result "1/2-1/2"]
[BlackTitle "GM"]
[WhiteElo "2364"]
[BlackElo "2528"]
[WhiteFideId "25073060"]
[BlackFideId "4105109"]
[EventDate "2018.05.14"]

1. c4 c6 2. Nf3 Nf6 3. g3 d5 4. Bg2 Bg4 5. Ne5 Be6 6. cxd5 Bxd5 7. Nf3 e5 8. Nc3
Bxf3 9. Bxf3 Bc5 10. d3 Nbd7 11. O-O O-O 12. Bd2 Be7 13. Rb1 a5 14. a3 Nb6 15.
b4 axb4 16. axb4 Qc7 17. Qb3 h6 18. Rfc1 Qd7 19. Be3 Nbd5 20. Bc5 Rfe8 21. Bxe7
Nxc3 22. Qxc3 Qxe7 23. b5 e4 24. dxe4 Nxe4 25. Bxe4 Qxe4 26. bxc6 bxc6 27. Qxc6
Qxc6 28. Rxc6 Rxe2 29. Rb7 Rf8 30. h4 Re5 1/2-1/2

[Event "3rd Kolkata GM Open 2018"]
[Site "Kolkata IND"]
[Date "2018.05.16"]
[Round "3.7"]
[White "Narayanan, Srinath"]
[Black "Kaustuv, Kundu"]
[Result "1-0"]
[WhiteTitle "GM"]
[WhiteElo "2525"]
[BlackElo "2360"]
[WhiteFideId "5018420"]
[BlackFideId "5056900"]
[EventDate "2018.05.14"]

1. d4 Nf6 2. c4 g6 3. Nc3 Bg7 4. e4 d6 5. Be2 O-O 6. Be3 e5 7. d5 a5 8. g4 Na6
9. h4 Nc5 10. f3 h5 11. g5 Nfd7 12. Nh3 Nb6 13. Nf2 f5 14. Qc2 Na6 15. Rd1 fxe4
16. Ncxe4 Bf5 17. a3 Nd7 18. b3 Ndc5 19. Qc3 Bxe4 20. fxe4 a4 21. b4 Nb3 22. Qd3
Qe7 23. O-O Nd4 24. Nh3 Nxe2+ 25. Qxe2 Qd7 26. Kg2 c6 27. Nf2 cxd5 28. exd5 e4
29. Nxe4 Qe7 30. Qd3 Rae8 31. Rxf8+ Rxf8 32. Rf1 Rxf1 33. Kxf1 Qe5 34. Bf2 Qf4
35. Kg2 Be5 36. Bg3 Qg4 37. c5 dxc5 38. d6 Bd4 39. d7 1-0

[Event "3rd Kolkata GM Open 2018"]
[Site "Kolkata IND"]
[Date "2018.05.16"]
[Round "3.8"]
[White "Saravana, Krishnan P."]
[Black "Shyam, Sundar M."]
[Result "1/2-1/2"]
[BlackTitle "GM"]
[WhiteElo "2360"]
[BlackElo "2518"]
[WhiteFideId "5018382"]
[BlackFideId "5019141"]
[EventDate "2018.05.14"]

1. e4 c5 2. Nf3 d6 3. d4 cxd4 4. Nxd4 Nf6 5. Nc3 a6 6. Be2 e5 7. Nb3 Be7 8. Qd3
O-O 9. Be3 Be6 10. Nd5 Bxd5 11. exd5 Nbd7 12. O-O Ne8 13. Kh1 Bg5 14. f4 Bxf4
15. Bxf4 exf4 16. Rxf4 Ne5 17. Qd4 Nf6 18. Raf1 Nfd7 19. Qd2 Rc8 20. Nd4 g6 21.
R4f2 Qh4 22. Rf4 Qe7 23. b3 Nc5 24. Qe1 Qg5 25. Qd2 Qe7 26. Qe1 Qg5 27. Qd2 Qe7
28. Qe1 Qg5 29. Qd2 Qe7 30. Qe1 Qg5 1/2-1/2

[Event "3rd Kolkata GM Open 2018"]
[Site "Kolkata IND"]
[Date "2018.05.16"]
[Round "3.9"]
[White "Srijit, Paul"]
[Black "Tran, Tuan Minh"]
[Result "1/2-1/2"]
[BlackTitle "GM"]
[WhiteElo "2347"]
[BlackElo "2512"]
[WhiteFideId "5094798"]
[BlackFideId "12401820"]
[EventDate "2018.05.14"]

1. e4 c5 2. Nf3 d6 3. d4 cxd4 4. Nxd4 Nf6 5. Nc3 a6 6. Bc4 e6 7. Bb3 Nbd7 8. Bg5
Nc5 9. f4 Be7 10. Qf3 Qc7 11. O-O b5 12. f5 b4 13. fxe6 fxe6 14. Na4 Nxb3 15.
cxb3 e5 16. Nf5 Bxf5 17. Qxf5 O-O 18. Qe6+ Kh8 19. Bxf6 Bxf6 20. Rad1 Bg5 21.
Qc4 Be3+ 22. Kh1 Qb7 23. Qe6 Rxf1+ 24. Rxf1 Qb5 25. Rf7 Qd3 26. Qc4 Qxc4 27.
bxc4 Kg8 28. Rf3 Rf8 29. Rxf8+ Kxf8 30. b3 Bd4 31. g3 Kf7 32. Kg2 Kf6 33. Kf3
Kg5 34. h3 h6 35. Kg2 h5 36. Kf3 h4 37. g4 Kg6 38. c5 Bxc5 39. Nb2 Kf6 40. Nd3
g6 41. Ne1 Ke6 42. Ke2 d5 43. Kd3 Be7 44. Nf3 1/2-1/2

[Event "3rd Kolkata GM Open 2018"]
[Site "Kolkata IND"]
[Date "2018.05.16"]
[Round "3.11"]
[White "Vignesh, N R"]
[Black "Rajdeep, Sarkar"]
[Result "1-0"]
[WhiteTitle "IM"]
[BlackTitle "FM"]
[WhiteElo "2485"]
[BlackElo "2355"]
[WhiteFideId "25012215"]
[BlackFideId "25007963"]
[EventDate "2018.05.14"]

1. d4 d5 2. c4 e6 3. Nf3 Nf6 4. g3 dxc4 5. Bg2 c5 6. O-O Nc6 7. dxc5 Qxd1 8.
Rxd1 Bxc5 9. Nbd2 c3 10. bxc3 O-O 11. Nb3 Be7 12. Nfd4 Bd7 13. Bg5 Rad8 14. Nxc6
Bxc6 15. Bxc6 bxc6 16. Na5 Rxd1+ 17. Rxd1 Rc8 18. Bxf6 Bxf6 19. Rd7 Bxc3 20.
Nxc6 Kf8 21. Nxa7 Rc5 22. a4 Ke8 23. Rb7 Be5 24. Kg2 g5 25. Rb5 Rxb5 26. Nxb5
Kd7 27. a5 Kc6 28. a6 f5 29. Kf3 h5 30. Ke3 Bf6 31. Nd4+ Kd5 32. Nxe6 1-0

[Event "3rd Kolkata GM Open 2018"]
[Site "Kolkata IND"]
[Date "2018.05.16"]
[Round "3.12"]
[White "Khusenkhojaev, Muhammad"]
[Black "Ravi, Teja S."]
[Result "1-0"]
[WhiteTitle "IM"]
[BlackTitle "IM"]
[WhiteElo "2456"]
[BlackElo "2338"]
[WhiteFideId "14700247"]
[BlackFideId "5017220"]
[EventDate "2018.05.14"]

1. Nf3 c5 2. g3 Nc6 3. d4 cxd4 4. Nxd4 e6 5. Bg2 Qb6 6. Nb3 d5 7. O-O Nf6 8. c4
dxc4 9. N3d2 Ne5 10. Na3 Bxa3 11. bxa3 Qd4 12. Qc2 O-O 13. Bb2 Qc5 14. Qc3 Ned7
15. Nxc4 Rb8 16. Rfd1 b6 17. Ne5 Qxc3 18. Bxc3 Nd5 19. Bxd5 exd5 20. Nc6 Rb7 21.
Ne7+ Kh8 22. Rxd5 Rc7 23. Nxc8 Rfxc8 24. Rad1 Nf8 25. Be5 Re7 26. Rd8 Re8 27.
Rxe8 Rxe8 28. Bf4 Kg8 29. Be3 Rc8 30. a4 f6 31. a5 bxa5 32. Rd5 a6 33. Rxa5 Rc6
34. Rc5 Rxc5 35. Bxc5 Nd7 36. Bd4 f5 37. f3 Kf7 38. Kf2 g6 39. Ke3 Ke6 40. Kf4
h5 41. e4 fxe4 42. Kxe4 Nb8 43. g4 hxg4 44. fxg4 Nc6 45. h4 Ne7 46. h5 gxh5 47.
gxh5 Nf5 48. Be5 Nh6 49. Bf4 Nf5 50. a3 a5 51. a4 Ne7 52. Bd2 Kf6 53. Bxa5 Nf5 1-0

[Event "3rd Kolkata GM Open 2018"]
[Site "Kolkata IND"]
[Date "2018.05.16"]
[Round "3.13"]
[White "Sundararajan, Kidambi"]
[Black "Prasad, Devaki V"]
[Result "1/2-1/2"]
[WhiteTitle "GM"]
[BlackTitle "IM"]
[WhiteElo "2434"]
[BlackElo "2284"]
[WhiteFideId "5005370"]
[BlackFideId "5000050"]
[EventDate "2018.05.14"]

1. d4 Nf6 2. c4 e6 3. Nc3 Bb4 4. e3 O-O 5. Bd2 d5 6. Nf3 b6 7. cxd5 exd5 8. Rc1
Bb7 9. Bd3 Be7 10. O-O c5 11. Ne5 c4 12. Bb1 a6 13. Ne2 b5 14. Ng3 Nbd7 15. f4
Ne4 16. Nf5 Ndf6 17. Be1 g6 18. Nxe7+ Qxe7 19. Bh4 Qd6 20. f5 g5 21. Bxe4 gxh4
22. Bb1 Rae8 23. Qe1 Rxe5 24. dxe5 Qxe5 25. Qxh4 Qxb2 26. Qg3+ Kh8 27. Rc2 Qa1
28. a4 Ne4 29. Qc7 Bc8 30. axb5 axb5 31. Ra2 Qc3 32. Bxe4 Qxe3+ 33. Kh1 Qxe4 34.
Qd6 Rg8 35. Qf6+ Rg7 36. Qd8+ Rg8 37. Qf6+ Rg7 38. Qd8+ 1/2-1/2

[Event "3rd Kolkata GM Open 2018"]
[Site "Kolkata IND"]
[Date "2018.05.16"]
[Round "3.14"]
[White "Dixit, Nikhil"]
[Black "Nitin, S."]
[Result "0-1"]
[BlackTitle "IM"]
[WhiteElo "2271"]
[BlackElo "2432"]
[WhiteFideId "5059534"]
[BlackFideId "5018277"]
[EventDate "2018.05.14"]

1. e4 c5 2. Nf3 b6 3. d4 cxd4 4. Nxd4 Bb7 5. Nc3 e6 6. Ndb5 d6 7. Bf4 e5 8. Nd5
Na6 9. Nd4 Nc5 10. Bb5+ Nd7 11. Bg5 Qxg5 12. Nc7+ Ke7 13. Nf5+ Kd8 14. Nxa8 Qxg2
15. Ng3 Qh3 16. Qf3 Ngf6 17. Qc3 Bxa8 18. Bc6 Bxc6 19. Qxc6 g6 20. O-O-O Qe6 21.
Kb1 h5 22. h4 Ke7 23. f4 exf4 24. Ne2 Ne5 25. Qa8 Qd7 26. Nxf4 Bg7 27. Nd5+ Nxd5
28. Qxd5 Rc8 29. Rhf1 Rc5 30. Qd2 Qe6 31. Qb4 Nc4 32. Rd5 Ne3 33. Re1 Nxc2 0-1

[Event "3rd Kolkata GM Open 2018"]
[Site "Kolkata IND"]
[Date "2018.05.16"]
[Round "3.15"]
[White "Gupta, Abhijeet"]
[Black "Harshavardhan, G B"]
[Result "1-0"]
[WhiteTitle "GM"]
[WhiteElo "2619"]
[BlackElo "2218"]
[WhiteFideId "5010608"]
[BlackFideId "25059009"]
[EventDate "2018.05.14"]

1. d4 Nf6 2. c4 e6 3. g3 d5 4. Bg2 Bb4+ 5. Bd2 Bd6 6. Nc3 c6 7. Bg5 Nbd7 8. Nf3
h6 9. Bc1 O-O 10. O-O dxc4 11. a4 e5 12. a5 Rb8 13. Nd2 exd4 14. Nxc4 Bc7 15.
Qxd4 Ne5 16. Qxd8 Rxd8 17. Bf4 Re8 18. Rfd1 g5 19. Nxe5 gxf4 20. gxf4 Bxe5 21.
fxe5 Rxe5 22. e4 Rg5 23. f4 Rg7 24. f5 Ng4 25. Rd8+ Kh7 26. Bf3 Ne5+ 27. Kf2 f6
28. Rad1 b6 29. a6 Rg8 30. Rxg8 Kxg8 31. Rd8+ Kf7 32. Rh8 Nd7 33. e5 fxe5 34.
Bxc6 Nf8 35. Bd5+ Ke8 36. Nb5 Bxa6 37. Nc7+ Ke7 38. Nxa6 Rd8 39. Be4 Rd6 40. Nb4
Kf7 41. Bd5+ Ke8 42. Be6 Rd2+ 43. Ke3 Rxh2 44. f6 Rh1 45. Nd5 Rf1 46. Ke2 Rxf6
47. Nxf6+ Ke7 48. Bb3 Ng6 49. Nd5+ Kd6 50. Rxh6 Kc5 51. Rxg6 b5 52. Ke3 a5 53.
Ke4 a4 54. Bc2 b4 55. Bxa4 b3 56. Rc6# 1-0

[Event "3rd Kolkata GM Open 2018"]
[Site "Kolkata IND"]
[Date "2018.05.16"]
[Round "3.16"]
[White "Amonatov, Farrukh"]
[Black "Raja, Rithvik R"]
[Result "1-0"]
[WhiteTitle "GM"]
[BlackTitle "FM"]
[WhiteElo "2608"]
[BlackElo "2316"]
[WhiteFideId "14700077"]
[BlackFideId "35007394"]
[EventDate "2018.05.14"]

1. e4 e5 2. Nf3 Nf6 3. Nxe5 d6 4. Nf3 Nxe4 5. d4 d5 6. Bd3 Nc6 7. O-O Be7 8. Re1
Bg4 9. c3 f5 10. Qb3 O-O 11. Nbd2 Na5 12. Qc2 Nc6 13. b4 a6 14. a4 Bd6 15. Ba3
Kh8 16. b5 axb5 17. Bxb5 Na5 18. Reb1 Qe7 19. Bxd6 cxd6 20. Bf1 Rfc8 21. Ra3 Rc6
22. Rb5 Qc7 23. Nxe4 fxe4 24. Ne1 Qf7 25. Qd2 h6 26. Nc2 Be6 27. Ne3 Rc7 28. Qb2
Qe8 29. Rxa5 1-0

[Event "3rd Kolkata GM Open 2018"]
[Site "Kolkata IND"]
[Date "2018.05.16"]
[Round "3.17"]
[White "Sangma, Rahul"]
[Black "Tukhaev, Adam"]
[Result "0-1"]
[WhiteTitle "IM"]
[BlackTitle "GM"]
[WhiteElo "2295"]
[BlackElo "2551"]
[WhiteFideId "5013615"]
[BlackFideId "14109476"]
[EventDate "2018.05.14"]

1. e4 g6 2. d4 Bg7 3. Nf3 d6 4. h3 Nf6 5. Nc3 O-O 6. Be3 a6 7. a4 b6 8. Bc4 e6
9. e5 dxe5 10. Nxe5 Bb7 11. O-O Nc6 12. Nxc6 Bxc6 13. a5 b5 14. Be2 Qd7 15. Bf3
Rfd8 16. Qe2 b4 17. Bxc6 Qxc6 18. Na4 Rd5 19. Nc5 Nd7 20. Nd3 Rb8 21. c3 bxc3
22. bxc3 Qxc3 23. Rfc1 Qb3 24. Nf4 Rd6 25. Rxc7 Bxd4 26. Rac1 Bxe3 27. Qxe3 Rd1+
28. Rxd1 Qxd1+ 29. Kh2 Qd6 30. Rc4 Rb4 31. Rxb4 Qxb4 32. g3 e5 33. Nd5 Qxa5 34.
Qd3 Qb5 35. Ne7+ Kg7 36. Qd6 Nf6 37. Nc6 Qb6 38. Kg2 Qxf2+ 39. Kxf2 Ne4+ 40. Ke3
Nxd6 41. Nxe5 a5 0-1

[Event "3rd Kolkata GM Open 2018"]
[Site "Kolkata IND"]
[Date "2018.05.16"]
[Round "3.18"]
[White "Nihal, Sarin"]
[Black "Mohammad Fahad, Rahman"]
[Result "1/2-1/2"]
[WhiteTitle "IM"]
[BlackTitle "FM"]
[WhiteElo "2551"]
[BlackElo "2296"]
[WhiteFideId "25092340"]
[BlackFideId "10207791"]
[EventDate "2018.05.14"]

1. Nf3 Nf6 2. c4 e6 3. Nc3 d5 4. d4 Be7 5. Bg5 O-O 6. e3 Nbd7 7. Rc1 a6 8. cxd5
exd5 9. Bd3 Re8 10. O-O Nf8 11. Ne5 Ng6 12. f4 c6 13. Na4 Nd7 14. Bxe7 Qxe7 15.
Qb3 Ngxe5 16. fxe5 b5 17. Nc5 f6 18. e4 Nxc5 19. Rxc5 fxe5 20. exd5 cxd5 21.
Qxd5+ Be6 22. Qe4 g6 23. Rxe5 Qd7 24. Re1 Bf7 25. Bc2 Rad8 26. a3 Rxe5 27. dxe5
Be6 28. h3 Qc7 29. Re2 Qc5+ 30. Qe3 Qxe3+ 31. Rxe3 Rd2 32. Rc3 Bd5 33. g4 Kf7
34. Bb3 Bxb3 35. Rxb3 Ke6 36. a4 bxa4 37. Rb4 Kxe5 38. Rxa4 Rxb2 39. Rxa6 Kf4
40. Ra4+ Kg3 41. Ra3+ Kh4 42. Rc3 Re2 43. Ra3 h6 44. Rb3 Kg5 45. Rf3 Re4 46. Kg2
Kh4 47. Rf6 Kg5 48. Rf3 Kh4 49. Rf6 Kg5 1/2-1/2

[Event "3rd Kolkata GM Open 2018"]
[Site "Kolkata IND"]
[Date "2018.05.16"]
[Round "3.19"]
[White "Lalith, Babu M R"]
[Black "Dhulipalla, Bala Chandra Prasad"]
[Result "1-0"]
[WhiteTitle "GM"]
[BlackTitle "IM"]
[WhiteElo "2531"]
[BlackElo "2295"]
[WhiteFideId "5024595"]
[BlackFideId "25005812"]
[EventDate "2018.05.14"]

1. c4 e5 2. Nc3 Nf6 3. Nf3 Nc6 4. e3 Bb4 5. Qc2 O-O 6. Nd5 Nxd5 7. cxd5 Ne7 8.
Bd3 h6 9. Nxe5 Nxd5 10. Qb3 c6 11. Bc4 Bd6 12. Nf3 Nf6 13. Be2 Bc7 14. d3 d5 15.
Bd2 Re8 16. Rc1 Ng4 17. O-O Ne5 18. Nd4 Rb8 19. Qd1 Qh4 20. g3 Qh3 21. Re1 Bg4
22. f4 Bxe2 23. Qxe2 Ng4 24. Qg2 Qxg2+ 25. Kxg2 Bb6 26. Nc2 f5 27. h3 Nf6 28.
Bc3 Kf7 29. Kf3 h5 30. Nd4 g6 31. Kf2 Nd7 32. Nf3 Bd8 33. Bd4 Bf6 34. Rg1 Rh8
35. Bxf6 Kxf6 36. g4 hxg4 37. hxg4 Rh3 38. b4 a6 39. gxf5 gxf5 40. Rg5 Rf8 41.
Rcg1 Rh7 42. Nd4 Rh2+ 43. R1g2 Rxg2+ 44. Kxg2 Ra8 45. Rxf5+ Ke7 46. Rg5 a5 47.
b5 c5 48. Rg7+ Kd6 49. Nf5+ Ke6 50. e4 Rd8 51. Rg6+ Kf7 52. Rd6 c4 53. e5 Ke8
54. dxc4 dxc4 55. Rh6 c3 56. e6 Nf8 57. e7 Rd5 58. exf8=Q+ Kxf8 59. Ne3 Rxb5 60.
Rh8+ Kg7 61. Rc8 Rb2+ 62. Kf3 b5 63. Rc7+ Kf8 64. Rxc3 Rxa2 65. f5 b4 66. Rc8+
Kf7 67. Rc7+ Kf8 68. Rb7 Rb2 69. Nc4 Rc2 70. Ne5 Rc1 71. f6 Rf1+ 72. Ke2 1-0

[Event "3rd Kolkata GM Open 2018"]
[Site "Kolkata IND"]
[Date "2018.05.16"]
[Round "3.20"]
[White "Swapnil, S. Dhopade"]
[Black "Kunal, M."]
[Result "1/2-1/2"]
[WhiteTitle "GM"]
[WhiteElo "2505"]
[BlackElo "2295"]
[WhiteFideId "5019184"]
[BlackFideId "5018250"]
[EventDate "2018.05.14"]

1. Nf3 Nf6 2. c4 g6 3. Nc3 Bg7 4. d4 O-O 5. e4 d6 6. Be2 e5 7. O-O Nc6 8. dxe5
Nxe5 9. Nxe5 dxe5 10. Qa4 c6 11. Be3 Qc7 12. b4 Be6 13. Rac1 Rfd8 14. b5 Ng4 15.
Bxg4 Bxg4 16. h3 Be6 17. Nd5 Qd7 18. bxc6 bxc6 19. Qxc6 Qxc6 20. Ne7+ Kh8 21.
Nxc6 Rdc8 22. Nxa7 Rxc4 23. Rxc4 Bxc4 24. Ra1 Bd3 25. f3 f5 26. exf5 e4 27. Rd1
gxf5 28. fxe4 fxe4 29. Rc1 Bb2 30. Rc7 Rf8 31. Rc8 Rxc8 32. Nxc8 Ba3 33. Nb6 Kg7
34. Kf2 Kg6 35. g4 h5 36. Nd5 hxg4 37. hxg4 Bc4 38. Nc3 Bb4 39. Nxe4 Bxa2 40.
Bf4 Be6 41. Kg3 Bd5 1/2-1/2

[Event "3rd Kolkata GM Open 2018"]
[Site "Kolkata IND"]
[Date "2018.05.17"]
[Round "4.1"]
[White "Short, Nigel D"]
[Black "Vignesh, N R"]
[Result "1/2-1/2"]
[WhiteTitle "GM"]
[BlackTitle "IM"]
[WhiteElo "2656"]
[BlackElo "2485"]
[WhiteFideId "400025"]
[BlackFideId "25012215"]
[EventDate "2018.05.14"]

1. e4 c5 2. Nc3 d6 3. f4 Nc6 4. Nf3 g6 5. Bb5 Bd7 6. a4 Bg7 7. O-O e6 8. f5 exf5
9. exf5 Bxf5 10. d4 cxd4 11. Nxd4 Ne7 12. Bg5 Qb6 13. Be3 Qd8 14. Bg5 Qb6 15.
Be3 Qd8 16. Bg5 1/2-1/2

[Event "3rd Kolkata GM Open 2018"]
[Site "Kolkata IND"]
[Date "2018.05.17"]
[Round "4.3"]
[White "Khusenkhojaev, Muhammad"]
[Black "Sengupta, Deep"]
[Result "0-1"]
[WhiteTitle "IM"]
[BlackTitle "GM"]
[WhiteElo "2456"]
[BlackElo "2563"]
[WhiteFideId "14700247"]
[BlackFideId "5008352"]
[EventDate "2018.05.14"]

1. Nf3 d5 2. d4 e6 3. c4 c6 4. Qc2 Nf6 5. e3 Nbd7 6. Nc3 Bd6 7. b3 O-O 8. Be2 b6
9. Bb2 Bb7 10. O-O Qe7 11. Rad1 Rad8 12. e4 Nxe4 13. Nxe4 dxe4 14. Qxe4 f5 15.
Qc2 c5 16. Rfe1 Be4 17. Qc1 cxd4 18. Nxd4 Bb4 19. Rf1 Bc5 20. Bd3 Ne5 21. Be2 f4
22. Qc3 Bxg2 23. Kxg2 Bxd4 24. Rxd4 Rxd4 25. Qxd4 f3+ 26. Bxf3 Nxf3 27. Qg4 Rf5
28. Kh1 Qb7 29. Rd1 h5 30. Qh3 Kh7 31. Bc1 Qe4 32. Be3 Nh4+ 33. Kg1 Rf3 34. Qf1
Qg4+ 35. Kh1 e5 36. Rd5 Rf6 37. f4 exf4 38. Bd4 Re6 39. h3 Qg6 40. Bf2 Qe4+ 41.
Kh2 Nf3+ 42. Kh1 Ne5+ 43. Qg2 Qb1+ 44. Qg1 Qe4+ 45. Qg2 Qb1+ 46. Qg1 Qf5 47. Qf1
Rg6 48. Rd4 Nc6 49. Rd5 Qe4+ 50. Kh2 Ne5 0-1

[Event "3rd Kolkata GM Open 2018"]
[Site "Kolkata IND"]
[Date "2018.05.17"]
[Round "4.4"]
[White "Nitin, S."]
[Black "Narayanan, Srinath"]
[Result "1/2-1/2"]
[WhiteTitle "IM"]
[BlackTitle "GM"]
[WhiteElo "2432"]
[BlackElo "2525"]
[WhiteFideId "5018277"]
[BlackFideId "5018420"]
[EventDate "2018.05.14"]

1. e4 e6 2. d4 d5 3. Nc3 Nf6 4. Bg5 dxe4 5. Nxe4 Be7 6. Bxf6 gxf6 7. Nf3 f5 8.
Nc3 a6 9. g3 b5 10. Bg2 Bb7 11. O-O c5 12. d5 b4 13. dxe6 bxc3 14. exf7+ Kf8 15.
Qc1 Qd6 16. bxc3 Qf6 17. Re1 Nd7 18. Qf4 Bd6 19. Qc4 Be4 20. Rxe4 fxe4 21. Qxe4
Rd8 22. Rd1 Be7 23. Bh3 Nb6 24. Rxd8+ Bxd8 25. Qe8+ Kg7 26. Ng5 Qxg5 27. Qxh8+
Kxh8 28. f8=Q+ Qg8 29. Qxc5 Qg7 30. Be6 Qe7 1/2-1/2

[Event "3rd Kolkata GM Open 2018"]
[Site "Kolkata IND"]
[Date "2018.05.17"]
[Round "4.5"]
[White "Manik, Mikulas"]
[Black "Gupta, Abhijeet"]
[Result "0-1"]
[WhiteTitle "GM"]
[BlackTitle "GM"]
[WhiteElo "2411"]
[BlackElo "2619"]
[WhiteFideId "14900734"]
[BlackFideId "5010608"]
[EventDate "2018.05.14"]

1. e4 c5 2. Nf3 d6 3. d4 cxd4 4. Nxd4 Nf6 5. Nc3 Nc6 6. Bg5 e6 7. Qd2 a6 8.
O-O-O Bd7 9. f3 Be7 10. Be3 h5 11. Nxc6 Bxc6 12. Ne2 d5 13. e5 Nd7 14. f4 Bb5
15. Kb1 g6 16. g3 Qc7 17. Bg2 Bxe2 18. Qxe2 Bc5 19. Bc1 Nb6 20. b3 Qe7 21. Rd3
Ba3 22. Be3 Nd7 23. Rhd1 Nc5 24. Rd4 b5 25. Qd2 a5 26. f5 Qc7 27. Bg5 gxf5 28.
Bf6 Rg8 29. Bxd5 exd5 30. Rxd5 Ne6 31. Rd7 Qc8 32. Qxa5 Rxa5 0-1

[Event "3rd Kolkata GM Open 2018"]
[Site "Kolkata IND"]
[Date "2018.05.17"]
[Round "4.6"]
[White "Tran, Minh Thang"]
[Black "Amonatov, Farrukh"]
[Result "0-1"]
[WhiteTitle "IM"]
[BlackTitle "GM"]
[WhiteElo "2404"]
[BlackElo "2608"]
[WhiteFideId "12401080"]
[BlackFideId "14700077"]
[EventDate "2018.05.14"]

1. e4 c5 2. Nf3 d6 3. d4 cxd4 4. Qxd4 Nc6 5. Bb5 Bd7 6. Qd3 g6 7. O-O Bg7 8. c4
Nf6 9. h3 O-O 10. Nc3 a6 11. Bxc6 Bxc6 12. Be3 Rc8 13. Nd4 e6 14. Rfd1 Qe7 15.
Nb3 Rfd8 16. Bb6 Re8 17. f3 Nd7 18. Be3 Ne5 19. Qe2 f5 20. f4 Nd7 21. Qd2 fxe4
22. Qxd6 e5 23. Na5 exf4 24. Qxf4 Nc5 25. Nxc6 bxc6 26. Qg4 Nd3 27. Rab1 Rcd8
28. Rd2 Bd4 29. Rxd3 Bc5 30. Na4 exd3 31. Bxc5 Qe2 32. Nc3 Qxg4 33. hxg4 d2 34.
Rd1 Rd3 35. Bf2 Rb8 36. Na4 Rf8 37. Nc5 Rd6 38. Be3 Rdf6 39. Rxd2 Rf1+ 40. Kh2
h5 41. g5 Ra1 42. Rd7 Rff1 43. Ne6 Rae1 44. Rg7+ Kh8 45. Bd4 Rh1+ 46. Kg3 h4+
47. Kg4 Re4+ 48. Kf3 Rxd4 49. Rxg6 Rxc4 50. Rh6+ Kg8 51. g6 Rf1+ 52. Ke2 Rf6 0-1

[Event "3rd Kolkata GM Open 2018"]
[Site "Kolkata IND"]
[Date "2018.05.17"]
[Round "4.8"]
[White "Sandipan, Chanda"]
[Black "Rathnakaran, K."]
[Result "1-0"]
[WhiteTitle "GM"]
[BlackTitle "IM"]
[WhiteElo "2573"]
[BlackElo "2377"]
[WhiteFideId "5004225"]
[BlackFideId "5005507"]
[EventDate "2018.05.14"]

1. d4 Nf6 2. c4 g6 3. Nc3 Bg7 4. e4 d6 5. Be2 O-O 6. Bg5 Na6 7. Nf3 h6 8. Be3
Ng4 9. Bc1 e5 10. O-O c6 11. d5 f5 12. g3 f4 13. Nh4 g5 14. Bxg4 gxh4 15. gxf4
exf4 16. Kh1 Nc5 17. Rg1 Kh8 18. Qf3 Bxc3 19. Qxc3+ Qf6 20. Qf3 Qe5 21. Bxc8
Raxc8 22. Bd2 Nxe4 23. Bc3 Nxc3 24. Rae1 Qf5 25. Re6 Rf6 26. Qg2 Qg5 27. Qxg5
hxg5 28. Rxf6 Ne4 29. Re6 Nxf2+ 30. Kg2 Ng4 31. h3 Ne5 32. c5 cxd5 33. cxd6 Rc2+
34. Kf1 Rc1+ 35. Ke2 f3+ 36. Kd2 Rxg1 37. Rxe5 f2 38. d7 f1=Q 39. d8=Q+ Kg7 40.
Re7+ Qf7 41. Rxf7+ Kxf7 42. Qxd5+ Kg6 43. Qxb7 Rg3 44. Qd7 1-0

[Event "3rd Kolkata GM Open 2018"]
[Site "Kolkata IND"]
[Date "2018.05.17"]
[Round "4.9"]
[White "Tukhaev, Adam"]
[Black "Anand, Nadar"]
[Result "1-0"]
[WhiteTitle "GM"]
[BlackTitle "FM"]
[WhiteElo "2551"]
[BlackElo "2368"]
[WhiteFideId "14109476"]
[BlackFideId "25009141"]
[EventDate "2018.05.14"]

1. e4 c6 2. d4 d5 3. exd5 cxd5 4. Bd3 Nc6 5. c3 Qc7 6. Ne2 Bg4 7. O-O Nf6 8. Qe1
e6 9. Bf4 Bd6 10. Bxd6 Qxd6 11. Ng3 O-O 12. Na3 Rfe8 13. Qd2 e5 14. dxe5 Nxe5
15. Nc2 Rad8 16. Nd4 Nc4 17. Qc2 Qf4 1-0

[Event "3rd Kolkata GM Open 2018"]
[Site "Kolkata IND"]
[Date "2018.05.17"]
[Round "4.10"]
[White "Sidhant, Mohapatra"]
[Black "Lalith, Babu M R"]
[Result "0-1"]
[WhiteTitle "IM"]
[BlackTitle "GM"]
[WhiteElo "2378"]
[BlackElo "2531"]
[WhiteFideId "5028698"]
[BlackFideId "5024595"]
[EventDate "2018.05.14"]

1. e4 e5 2. Nf3 Nc6 3. Bb5 a6 4. Ba4 Nf6 5. d3 b5 6. Bb3 Bc5 7. Nc3 h6 8. Nd5 d6
9. c3 Rb8 10. O-O O-O 11. Be3 Bg4 12. h3 Bh5 13. Qe2 Kh8 14. Kh2 Nxd5 15. Bxd5
Bxe3 16. fxe3 Ne7 17. Bb3 d5 18. exd5 Nxd5 19. Bxd5 Qxd5 20. e4 Bxf3 21. Rxf3
Qe6 22. a3 c5 23. Raf1 f6 24. Qe3 c4 25. d4 exd4 26. cxd4 Kg8 27. e5 fxe5 28.
Rxf8+ Rxf8 29. Rxf8+ Kxf8 30. dxe5 Qd5 31. Kg3 Ke8 32. Kf2 a5 33. Qc3 a4 34. Qe3
g5 35. Kg3 Ke7 36. Kh2 Ke6 37. Qb6+ Kxe5 38. Qxh6 Ke4 39. h4 Qe5+ 40. Kh1 gxh4
41. Qxh4+ Kd3 42. g4 Kc2 43. g5 Kxb2 44. g6 c3 45. Qb4+ Ka1 46. Qg4 c2 47. Qg1+
Kb2 48. g7 Qh5+ 49. Qh2 Qxh2+ 50. Kxh2 c1=Q 51. g8=Q Qd2+ 0-1

[Event "3rd Kolkata GM Open 2018"]
[Site "Kolkata IND"]
[Date "2018.05.17"]
[Round "4.11"]
[White "Burmakin, Vladimir"]
[Black "Saravana, Krishnan P."]
[Result "1/2-1/2"]
[WhiteTitle "GM"]
[WhiteElo "2528"]
[BlackElo "2360"]
[WhiteFideId "4105109"]
[BlackFideId "5018382"]
[EventDate "2018.05.14"]

1. Nf3 Nf6 2. g3 b5 3. Bg2 Bb7 4. O-O e6 5. d3 Be7 6. e4 d6 7. c3 a6 8. a4 Nbd7
9. Na3 O-O 10. axb5 axb5 11. Nd4 c6 12. Re1 Qc7 13. Be3 Rfe8 14. Ndc2 d5 15. f3
e5 16. Bf2 Rad8 17. exd5 Nxd5 18. d4 b4 19. cxb4 Nxb4 20. Qd2 Nd5 21. Nc4 exd4
22. Nxd4 Bf8 23. Rxe8 Rxe8 24. Nb3 Ne5 25. Nxe5 Bb4 26. Qd4 Qxe5 27. Qxe5 Rxe5
28. f4 Re2 29. Ra7 Bc8 30. Ra8 Re8 31. Bc5 Bxc5+ 32. Nxc5 Nb6 33. Rb8 Nd7 34.
Nxd7 Bxd7 35. Rb7 Rd8 36. b4 Be8 37. Rb6 1/2-1/2